|
|
|
|
| LEADER |
00000cas a2200000 a 4500 |
| 001 |
vtls001374449 |
| 003 |
SK-MaSNL |
| 005 |
20260228155753.0 |
| 008 |
991012c19529999xr mr p 0 0b0cze |
| 035 |
|
|
|a SNK000328333
|
| 040 |
|
|
|a SNK
|b slo
|c SNK
|e AACR2
|
| 041 |
0 |
|
|a cze
|
| 044 |
|
|
|a xr
|c CZ
|
| 072 |
|
|
|a 91
|x Geografia ako veda. Výskum. Cestovanie
|2 konspekt
|
| 080 |
|
|
|a 338.48
|2 2011
|
| 080 |
|
|
|a 91
|2 2011
|
| 080 |
|
|
|a 050
|2 2011
|
| 080 |
|
|
|a 910.4
|2 2011
|
| 080 |
|
|
|a (051)-048.55
|2 2011
|
| 245 |
0 |
0 |
|a Lidé a Země
|
| 260 |
|
|
|a Praha
|b Mladá fronta
|c 1952-
|
| 300 |
|
|
|a zv.
|c 23 cm
|
| 310 |
|
|
|a 1x mesačne
|
| 362 |
0 |
|
|a Roč. 1, č. 1 (1952) -
|z SK ČR/2018
|
| 500 |
|
|
|a Slovenské vydanie: Ľudia a zem = ISSN 1336-8494
|
| 650 |
0 |
7 |
|a geografia
|2 SNKPH
|9 823
|
| 650 |
0 |
7 |
|a cestopisy
|2 SNKPH
|9 186227
|
| 650 |
0 |
7 |
|a cestovanie
|2 SNKPH
|9 18846
|
| 655 |
|
7 |
|a špecializované časopisy
|2 SNKPH
|9 70509
|
| 767 |
0 |
|
|t Ľudia a zem
|x 1336-8494
|
| 910 |
|
|
|a snk
|
| 999 |
|
|
|c 494
|d 494
|
| 952 |
|
|
|0 0
|1 0
|4 0
|7 0
|a SNK
|b SNK
|d 1999-10-12
|l 0
|o snkČSC 696/44/1995
|p 17A0213431
|r 2005-01-02 00:00:00
|t č. 1-12
|w 2026-02-21
|y PREZ
|
| 952 |
|
|
|0 0
|1 0
|4 0
|7 0
|a SNK
|b SNK
|d 1999-10-12
|l 0
|o snkČSC 696/45/1996
|p 17A0213695
|r 2005-01-02 00:00:00
|t č. 1-12
|w 2026-02-21
|y PREZ
|